000
00345 a2200121 4500
001
ART_39453
005
20260410161736.0
008
260409a
245
1
0
_a
Tiempos difíciles
100
1
_a
Lopez Murphy, Ricardo H.
700
1
_a
Botana, Natalio
773
0
_t
Ejecutivos de finanzas
_g
- Año 8, Nª 69 (set. 1990)
_w
REV2863
999
_c
18299
_d
18299